Le temple d'Amada /

محفوظ في:

المؤلف الرئيسي: Gauthier, Henri (مؤلف)

مؤلف مشترك: Egypt. Maṣlaḥat al-Āthār.

التنسيق: كتاب

اللغة: French

سلاسل: Temples Immerges de la Nubie ; 7.
TIN ; 7.

الموضوعات:

الوسوم: إضافة وسم

لا توجد وسوم, كن أول من يضع وسما على هذه التسجيلة!

رقم الطلب: ( R )DT135 .N8 T5 v.7

LEADER 01138namaa2200289 4500
001 16446
003 OSt
005 20210802153854.0
008 130303s1999 fr ef g 000 0 fre d
952 |0 0  |1 0  |2 lcc  |4 0  |7 1  |9 17349  |a ARCE  |b ARCE  |d 2021-08-02  |l 0  |o ( R )DT135 .N8 T5 v.7  |p 1038290  |r 2021-08-02 00:00:00  |w 2021-08-02  |y BK 
999 |c 14194  |d 14194 
010 |a 59055231 
040 |c ARCE Library 
050 0 4 |a ( R )DT135 .N8 T5 v.7 
100 1 |a Gauthier, Henri,  |e author 
245 1 3 |a Le temple d'Amada /  |c [Henri Gauthier]. 
264 1 |a Le Caire :  |b Impr. de l'Institut français d'archéologie orientale,  |c 1913. 
300 |a xxxii, 208 pages :  |b 42 plates (part color) plan ;  |c 35 cm. 
490 |a Temples Immerges de la Nubie ;   |v 7. 
490 |a TIN ;   |v 7. 
500 |a At head of title : Service des antiquitiés de l'Égypte. Les temples immergés de la Nubie. 
500 |a Cahier 4. Dessins, index, tables de concordances par Mohamed Aly, Fouad Abdel-Hamid et M. Dewachter 
650 0 |a Amada (Temple)  |9 7679 
650 0 |a Inscriptions, Egyptian. 
710 1 |a Egypt.  |b Maṣlaḥat al-Āthār. 
901 |a reviewed 
942 |c BK  |2 lcc